00946nam a22002177a 4500999001300000003000900013008004200022040007100064082001500135100001900150245004300169260006000212300002800272505024300300650002100543650001600564650001700580942001600597945002000613952009500633  c380d380AR-CdUCM190223b           ||||| |||| 00| 0 spa  d  aMUNICIPALIDAD PROVINCIAL DEL CUSCOcBIBLIOTECA MUNICIPAL DEL CUSCO  a985 /bR81  aRomero, Emilio  aPerú por los senderos de América /  aMéxico :bTalleres gráficos La Carpeta, S.A,c1955.  a178 páginas ;c20 cm.  aDe la unidad americana a la diferenciación -- Lenguaje externo y lenguaje interno -- Aparente desintegración religiosa -- La función de la economía continental en la desintegración -- La etapa romántica del panamericanismo ...  aAmérica.91348  aPerú.935  aHombre.9838  2ddccLIBROS  amvrd2019-02-23  002ddc4070aSHbSHcCARTd2019-02-23g10.00o985 / R81pSH0000000297r2019-02-23yLIBROS